[Event "GBR-ch"]
[Site "Scarborough"]
[Date "2001.07.31"]
[Round "2"]
[White "Briggs, Philip"]
[Black "McDonnell, James J"]
[Result "1-0"]
[WhiteElo "2200"]
[BlackElo "2047"]
[PlyCount "65"]
[EventDate "2001.07.30"]

1. e4 c5 2. Nc3 Nc6 3. f4 g6 4. Nf3 Bg7 5. Bb5 Nd4 6. O-O Nxb5 7. Nxb5 d6 8. d3
e6 9. f5 a6 10. Nc3 exf5 11. Qe1 Ne7 12. exf5 Bxf5 13. Nd5 Be6 14. Nf4 Bd7 15.
Bd2 O-O 16. Bc3 Bc6 17. Bxg7 Kxg7 18. Ng5 Bd7 19. Qc3+ Kh6 20. Qf6 Qe8 21. Rae1
Ng8 22. Qxd6 Qc8 23. Nd5 Qc6 24. Qf4 Kg7 25. c4 Bf5 26. h4 Rae8 27. Rxe8 Qxe8
28. Ne4 Bxe4 29. dxe4 Qe6 30. e5 b5 31. b3 bxc4 32. bxc4 Ne7 33. Qf6+ 1-0

[Event "GBR-ch"]
[Site "Scarborough"]
[Date "2001.07.31"]
[Round "2"]
[White "Steadman, Michael"]
[Black "Ledger, Stephen"]
[Result "1/2-1/2"]
[WhiteElo "2090"]
[BlackElo "2196"]
[PlyCount "127"]
[EventDate "2001.07.30"]

1. e4 c5 2. Nc3 Nc6 3. g3 g6 4. Bg2 Bg7 5. d3 d6 6. Be3 Nf6 7. h3 e5 8. Qd2 Nd4
9. f4 Nh5 10. Nge2 Nxe2 11. Nxe2 exf4 12. gxf4 Bxb2 13. Rb1 Bg7 14. O-O O-O 15.
c3 b6 16. d4 Ba6 17. Rf2 Qe7 18. e5 Rad8 19. Qc1 Bxe2 20. Rxe2 Ng3 21. Re1 Nf5
22. exd6 Qxd6 23. dxc5 bxc5 24. Rb5 Rfe8 25. Bxc5 Rxe1+ 26. Qxe1 Qxf4 27. Bf2
Qa4 28. Bc6 Qxa2 29. Rb7 Bf6 30. Rxa7 Qc2 31. Be4 Qxc3 32. Qxc3 Bxc3 33. Bxf5
gxf5 34. Rc7 Be5 35. Re7 Bf6 36. Rb7 Rd3 37. Kg2 Kg7 38. Rb5 Kg6 39. Rb6 Kg7
40. Rb5 f4 41. Rf5 Kg6 42. Rxf4 h5 43. Rf3 Rd2 44. Rg3+ Kf5 45. Rf3+ Ke6 46.
Kg3 Ra2 47. Be3 h4+ 48. Kg4 Rg2+ 49. Kf4 Bg5+ 50. Ke4 Re2 51. Kd3 Rxe3+ 52.
Rxe3+ Bxe3 53. Kxe3 Kf5 54. Kf3 f6 55. Ke3 Ke5 56. Kf3 f5 57. Ke3 f4+ 58. Kf3
Kf5 59. Ke2 Ke4 60. Kf2 f3 61. Kf1 Kf5 62. Ke1 Kg5 63. Kf1 Kf4 64. Kf2 1/2-1/2

[Event "GBR-ch"]
[Site "Scarborough"]
[Date "2001.07.31"]
[Round "2"]
[White "Moore, Gerald"]
[Black "Rumens, David"]
[Result "1-0"]
[WhiteElo "2194"]
[BlackElo "2255"]
[PlyCount "105"]
[EventDate "2001.07.30"]

1. Nf3 f5 2. g3 Nf6 3. Bg2 e6 4. O-O Be7 5. d3 O-O 6. Nc3 d6 7. e4 fxe4 8. dxe4
e5 9. h3 Qe8 10. Be3 Nc6 11. Nd5 Bd8 12. c3 Kh8 13. Nh4 Nxd5 14. exd5 Nb8 15.
Nf3 Qg6 16. g4 Nd7 17. Nd2 Nf6 18. Qe2 Bd7 19. f4 exf4 20. Rxf4 Re8 21. Qf2 Be7
22. Bd4 c5 23. dxc6 Bxc6 24. Re1 Bxg2 25. Qxg2 Ng8 26. Rfe4 Bg5 27. Rxe8 Rxe8
28. Rxe8 Qxe8 29. Qe4 Qb5 30. Nf3 Bf6 31. b4 d5 32. Ne5 g6 33. Qf3 g5 34. Nf7+
Kg7 35. Nd6 Qc6 36. Nf5+ Kf7 37. Qe3 Qe6 38. Bxa7 Qxe3+ 39. Bxe3 Bxc3 40. b5 h6
41. Kf2 Ke6 42. Ke2 Bf6 43. a4 Ne7 44. Nxe7 Kxe7 45. Bc5+ Kd7 46. Kd3 Bg7 47.
a5 Kc7 48. Bd4 Bf8 49. Bb6+ Kd6 50. a6 bxa6 51. bxa6 Kc6 52. a7 Kb7 53. Kd4 1-0

[Event "GBR-ch"]
[Site "Scarborough"]
[Date "2001.08.01"]
[Round "3"]
[White "Wells, Peter"]
[Black "Hanley, Craig"]
[Result "1-0"]
[WhiteElo "2510"]
[BlackElo "2278"]
[PlyCount "111"]
[EventDate "2001.07.30"]

1. d4 d5 2. c4 c6 3. Nf3 Nf6 4. Nc3 dxc4 5. a4 Bf5 6. Ne5 Nbd7 7. Nxc4 Qc7 8.
g3 e5 9. dxe5 Nxe5 10. Bf4 Nfd7 11. Bg2 f6 12. O-O Nc5 13. Ne3 Be6 14. b4 Rd8
15. Qb1 Na6 16. b5 Nb4 17. bxc6 bxc6 18. Rc1 a5 19. Nb5 Qd7 20. Rd1 Qc8 21. Nd4
Bc5 22. Nxe6 Rxd1+ 23. Qxd1 Qxe6 24. Rc1 Bb6 25. Nc2 Na2 26. Ra1 Nc3 27. Qd2
Qc4 28. Bxe5 fxe5 29. Qd6 e4 30. Qb8+ Bd8 31. Qe5+ Kf7 32. Ne3 Qd4 33. Qxd4
Nxe2+ 34. Kf1 Nxd4 35. Bxe4 Bf6 36. Rb1 Re8 37. Nc4 Kg8 38. f3 Ra8 39. Rb6 Bd8
40. Rb7 Rc8 41. Nd6 Ra8 42. Ne8 g6 43. Rd7 Bg5 44. h4 Rxe8 45. hxg5 Nf5 46. Kf2
Rb8 47. Bxf5 gxf5 48. Ra7 Rb4 49. Rxa5 f4 50. gxf4 Rxf4 51. Ke3 Rf7 52. Rc5 Ra7
53. a5 Kf7 54. Kf4 Rb7 55. a6 Rb4+ 56. Ke5 1-0

[Event "GBR-ch"]
[Site "Scarborough"]
[Date "2001.08.01"]
[Round "3"]
[White "Ward, Chris G"]
[Black "Walker, Martin G"]
[Result "1/2-1/2"]
[WhiteElo "2493"]
[BlackElo "2109"]
[PlyCount "56"]
[EventDate "2001.07.30"]

1. d4 Nf6 2. c4 g6 3. f3 d5 4. cxd5 Nxd5 5. e4 Nb6 6. Nc3 Bg7 7. Be3 O-O 8. f4
Nc6 9. d5 Na5 10. Bd4 c5 11. Bxg7 Kxg7 12. b3 e6 13. d6 e5 14. fxe5 Qh4+ 15. g3
Qg5 16. Qd3 Qxe5 17. Nf3 Qh5 18. Be2 Bg4 19. Nh4 Nc6 20. O-O Rad8 21. Bxg4 Qxg4
22. Nf3 Qe6 23. Rad1 c4 24. bxc4 Qxc4 25. Qe3 Qe6 26. Nd4 Qe5 27. Nxc6 bxc6 28.
Qd4 Qxd4+ 1/2-1/2

[Event "GBR-ch"]
[Site "Scarborough"]
[Date "2001.08.01"]
[Round "3"]
[White "Hodgson, Julian M"]
[Black "Ansell, Simon"]
[Result "1-0"]
[WhiteElo "2581"]
[BlackElo "2376"]
[PlyCount "109"]
[EventDate "2001.07.30"]

1. d4 d5 2. c4 c6 3. Nf3 Nf6 4. e3 Bf5 5. Nc3 e6 6. Nh4 Bg6 7. Nxg6 hxg6 8. g3
Nbd7 9. Bg2 dxc4 10. Qe2 e5 11. O-O Qc7 12. Qxc4 Bd6 13. dxe5 Nxe5 14. Qe2 Qe7
15. f4 Ned7 16. Rb1 a5 17. Bd2 Bc7 18. a3 Nc5 19. e4 Nb3 20. Be3 Qe6 21. Nd5
cxd5 22. Qb5+ Qd7 23. Qxb3 a4 24. Qb4 Ba5 25. Qd4 dxe4 26. Qe5+ Qe7 27. Bc5
Qxe5 28. fxe5 Nd7 29. Bd6 f5 30. exf6 Nxf6 31. b4 Bb6+ 32. Bc5 Bxc5+ 33. bxc5
O-O-O 34. Rb4 Rhe8 35. Rfb1 g5 36. Rxa4 Kc7 37. Rab4 Rb8 38. h3 Re5 39. Rb5 Nd7
40. a4 Nxc5 41. Bxe4 b6 42. Bg2 Rbe8 43. Rxb6 Re1+ 44. Kh2 Rxb1 45. Rxb1 Nxa4
46. Rb5 Re7 47. Rxg5 Kd6 48. Rg6+ Ke5 49. h4 Nc3 50. h5 Ne4 51. Bxe4 Kxe4 52.
Rg5 Kf3 53. Kh3 Ra7 54. Rf5+ Ke4 55. Kg4 1-0

[Event "GBR-ch"]
[Site "Scarborough"]
[Date "2001.08.01"]
[Round "3"]
[White "Hebden, Mark"]
[Black "Knott, Simon JB"]
[Result "1/2-1/2"]
[WhiteElo "2550"]
[BlackElo "2373"]
[PlyCount "51"]
[EventDate "2001.07.30"]

1. d4 Nf6 2. Nf3 g6 3. Nc3 d5 4. Bf4 Bg7 5. e3 O-O 6. Be2 c5 7. Ne5 Nc6 8. O-O
cxd4 9. exd4 Nd7 10. Nxd5 Ndxe5 11. dxe5 Be6 12. c4 Nxe5 13. Qb3 b5 14. Qxb5
Rb8 15. Qc5 Bxd5 16. cxd5 Rxb2 17. Bb5 Qa5 18. a4 Nd3 19. Qc7 Qxc7 20. Bxc7
Nxf2 21. Rae1 Bd4 22. Rxe7 Nh3+ 23. Kh1 Nf2+ 24. Kg1 Nh3+ 25. Kh1 Nf2+ 26. Kg1
1/2-1/2

[Event "GBR-ch"]
[Site "Scarborough"]
[Date "2001.08.01"]
[Round "3"]
[White "Zhao, Zong-Yuan"]
[Black "Chandler, Murray"]
[Result "1/2-1/2"]
[WhiteElo "2359"]
[BlackElo "2540"]
[PlyCount "57"]
[EventDate "2001.07.30"]

1. d4 Nf6 2. c4 e6 3. Nc3 Bb4 4. e3 O-O 5. Bd3 c5 6. Nf3 d5 7. O-O cxd4 8. exd4
dxc4 9. Bxc4 a6 10. a3 Bxc3 11. bxc3 b5 12. Bd3 Bb7 13. a4 Qd5 14. Qe2 Rc8 15.
Bd2 Ne4 16. axb5 axb5 17. Rxa8 Bxa8 18. Bxe4 Qxe4 19. Qxb5 f6 20. Re1 Qg6 21.
Qb1 Qf7 22. Qd3 Bd5 23. Bf4 Nd7 24. Nd2 Qg6 25. Qxg6 hxg6 26. Rc1 Nb6 27. Bd6
Ra8 28. Rb1 Ra2 29. Rxb6 1/2-1/2

[Event "GBR-ch"]
[Site "Scarborough"]
[Date "2001.08.01"]
[Round "3"]
[White "Emms, John M"]
[Black "Williams, Simon K"]
[Result "1-0"]
[WhiteElo "2532"]
[BlackElo "2369"]
[PlyCount "73"]
[EventDate "2001.07.30"]

1. e4 e6 2. d4 d5 3. Nd2 Nf6 4. Bd3 c5 5. e5 Nfd7 6. c3 Nc6 7. Ne2 cxd4 8. cxd4
f6 9. exf6 Nxf6 10. Nf3 Bd6 11. O-O Qc7 12. Bg5 O-O 13. Rc1 Nh5 14. Ng3 Nf4 15.
Bb1 Bd7 16. Re1 Rf7 17. Qc2 g6 18. Ne5 Bxe5 19. dxe5 Qb6 20. Bxf4 Rxf4 21. Nh5
Rf7 22. Nf6+ Kh8 23. Nxh7 Rxh7 24. Qxg6 Rg7 25. Qh6+ Kg8 26. Rc3 Qb4 27. Bh7+
Kh8 28. Bg6+ Kg8 29. Bh7+ Kh8 30. Bg6+ Kg8 31. a3 Qg4 32. Rg3 Rxg6 33. Rxg4
Rxg4 34. Re3 Ne7 35. Rh3 Kf7 36. Qf6+ Ke8 37. Rh7 1-0

[Event "GBR-ch"]
[Site "Scarborough"]
[Date "2001.08.01"]
[Round "3"]
[White "Gallagher, Joseph G"]
[Black "Waddington, Michael"]
[Result "1-0"]
[WhiteElo "2516"]
[BlackElo "2353"]
[PlyCount "65"]
[EventDate "2001.07.30"]

1. e4 e6 2. d4 d5 3. Nc3 dxe4 4. Nxe4 Bd7 5. Nf3 Bc6 6. Bd3 Nd7 7. O-O Ngf6 8.
Ned2 Be7 9. c3 O-O 10. Re1 b6 11. Nc4 Bb7 12. Bf4 Rc8 13. Qe2 Nd5 14. Bg3 N7f6
15. Nfe5 c5 16. dxc5 Bxc5 17. Rad1 Qe7 18. Nd2 Rfd8 19. Nb3 Qf8 20. a3 Bd6 21.
Nd4 Bb8 22. Ndf3 Bxe5 23. Nxe5 Ne7 24. Nc4 Ned5 25. Qe5 Rc6 26. Qg5 Qe7 27. Ne5
Rcc8 28. c4 Nc7 29. Ng4 Nce8 30. Be5 Rxd3 31. Rxd3 Rxc4 32. Nxf6+ Nxf6 33. Bxf6
1-0

[Event "GBR-ch"]
[Site "Scarborough"]
[Date "2001.08.01"]
[Round "3"]
[White "Palliser, Richard JD"]
[Black "Rowson, Jonathan"]
[Result "1/2-1/2"]
[WhiteElo "2337"]
[BlackElo "2514"]
[PlyCount "80"]
[EventDate "2001.07.30"]

1. e4 c5 2. Nc3 Nc6 3. g3 g6 4. Bg2 Bg7 5. d3 d6 6. Be3 Nf6 7. h3 e5 8. Nge2
O-O 9. O-O b5 10. Nxb5 Rb8 11. a4 a6 12. Na3 Rxb2 13. Nc4 Rb8 14. Nc3 Be6 15.
Nd5 Bxd5 16. exd5 Na5 17. Nxa5 Qxa5 18. Bd2 Qc7 19. c4 Nd7 20. Qc2 Rb4 21. a5
Rfb8 22. Bc3 R8b7 23. Ra3 Qb8 24. h4 Rb3 25. Rxb3 Rxb3 26. Bh3 f5 27. Rd1 e4
28. Bxg7 exd3 29. Rxd3 Rb1+ 30. Rd1 Rxd1+ 31. Qxd1 Kxg7 32. Qa1+ Kf7 33. Qa4
Ke7 34. Qa1 Ne5 35. Bg2 Kf7 36. f4 Ng4 37. Qe1 Qb3 38. Qe6+ Kg7 39. Qe7+ Kg8
40. Qe8+ Kg7 1/2-1/2

[Event "GBR-ch"]
[Site "Scarborough"]
[Date "2001.08.01"]
[Round "3"]
[White "Turner, Matthew J"]
[Black "Broomfield, Matthew"]
[Result "1/2-1/2"]
[WhiteElo "2511"]
[BlackElo "2271"]
[PlyCount "35"]
[EventDate "2001.07.30"]

1. c4 Nf6 2. Nc3 c5 3. g3 g6 4. Bg2 Bg7 5. e3 O-O 6. Nge2 Nc6 7. O-O d6 8. d4
cxd4 9. exd4 e5 10. dxe5 dxe5 11. h3 Be6 12. Nd5 Ne8 13. b3 f5 14. Bb2 Rf7 15.
Qc2 Rd7 16. Rad1 Rc8 17. Qb1 b5 18. cxb5 1/2-1/2

[Event "GBR-ch"]
[Site "Scarborough"]
[Date "2001.08.01"]
[Round "3"]
[White "Eames, Robert"]
[Black "Summerscale, Aaron"]
[Result "1/2-1/2"]
[WhiteElo "2333"]
[BlackElo "2510"]
[PlyCount "48"]
[EventDate "2001.07.30"]

1. e4 e6 2. d4 d5 3. Nc3 Nf6 4. Bg5 Be7 5. e5 Nfd7 6. h4 c5 7. Bxe7 Kxe7 8. f4
Nc6 9. dxc5 Nxc5 10. Qg4 Kf8 11. O-O-O Qa5 12. Kb1 d4 13. Nb5 Ne4 14. Nh3 h5
15. Qf3 Nd2+ 16. Rxd2 Qxd2 17. Bd3 Bd7 18. Ng5 Qe3 19. Qd1 Nd8 20. Re1 Qg3 21.
Nxd4 Qxh4 22. Be4 Qxf4 23. Ndf3 Bc6 24. Qd6+ Kg8 1/2-1/2

[Event "GBR-ch"]
[Site "Scarborough"]
[Date "2001.08.01"]
[Round "3"]
[White "Pert, Nicholas"]
[Black "Berry, Neil M"]
[Result "1-0"]
[WhiteElo "2475"]
[BlackElo "2256"]
[PlyCount "69"]
[EventDate "2001.07.30"]

1. d4 d5 2. c4 c6 3. Nf3 Nf6 4. e3 Bg4 5. Qb3 Qb6 6. Qxb6 axb6 7. Ne5 Be6 8.
cxd5 Nxd5 9. Bd2 g6 10. e4 Nc7 11. Nc3 Bg7 12. Bf4 Nba6 13. Be2 O-O 14. O-O
Rad8 15. Rfd1 Bc8 16. d5 Bxe5 17. Bxe5 f6 18. Bf4 Kg7 19. b4 Ne8 20. Bxa6 bxa6
21. dxc6 Nd6 22. Bxd6 Rxd6 23. Rxd6 exd6 24. Rd1 Rd8 25. a4 Be6 26. b5 a5 27.
f4 Kf7 28. Kf2 Bb3 29. Rb1 Be6 30. Nd5 Rb8 31. Rc1 Bxd5 32. exd5 Ke7 33. Re1+
Kf7 34. Re6 Rd8 35. Rxd6 1-0

[Event "GBR-ch"]
[Site "Scarborough"]
[Date "2001.08.01"]
[Round "3"]
[White "D'Costa, Lorin"]
[Black "Kelly, Brian"]
[Result "1/2-1/2"]
[WhiteElo "2155"]
[BlackElo "2458"]
[PlyCount "35"]
[EventDate "2001.07.30"]

1. d4 d5 2. c4 e6 3. Nc3 c6 4. Nf3 Nf6 5. Bg5 h6 6. Bxf6 Qxf6 7. e3 Nd7 8. Rc1
Bd6 9. Bd3 dxc4 10. Bxc4 O-O 11. O-O Qe7 12. e4 e5 13. d5 Nb6 14. Bb3 Rd8 15.
Qe2 Bg4 16. dxc6 bxc6 17. Nd1 Bc5 18. Ne3 1/2-1/2

[Event "GBR-ch"]
[Site "Scarborough"]
[Date "2001.08.01"]
[Round "3"]
[White "Ghasi, Ameet K"]
[Black "Arkell, Keith C"]
[Result "1/2-1/2"]
[WhiteElo "2188"]
[BlackElo "2431"]
[PlyCount "28"]
[EventDate "2001.07.30"]

1. Nf3 Nf6 2. d4 e6 3. c4 Bb4+ 4. Bd2 Qe7 5. g3 Nc6 6. Bg2 Bxd2+ 7. Nbxd2 d6 8.
O-O a5 9. e4 e5 10. d5 Nb8 11. Ne1 O-O 12. Nd3 Na6 13. Rc1 b6 14. Nb1 Nc5
1/2-1/2

[Event "GBR-ch"]
[Site "Scarborough"]
[Date "2001.08.01"]
[Round "3"]
[White "Snape, Ian L"]
[Black "Lalic, Bogdan"]
[Result "0-1"]
[WhiteElo "2160"]
[BlackElo "2528"]
[PlyCount "80"]
[EventDate "2001.07.30"]

1. c4 e5 2. Nc3 Nf6 3. Nf3 Nc6 4. g3 Nd4 5. Bg2 Nxf3+ 6. Bxf3 Bb4 7. Nd5 Bc5 8.
O-O c6 9. Nxf6+ Qxf6 10. d3 O-O 11. Bd2 a5 12. Bc3 d6 13. e3 Bb4 14. Rc1 Qe7
15. Bg2 f5 16. Re1 Be6 17. d4 e4 18. d5 Bf7 19. Qd4 Bxc3 20. Rxc3 c5 21. Qd2
Rfb8 22. a4 Be8 23. Ra1 g5 24. f3 exf3 25. Bxf3 Bg6 26. Qe2 Re8 27. Bh5 Qg7 28.
Bxg6 hxg6 29. Rb3 Re4 30. Rb6 Qc7 31. Rb3 Rae8 32. Raa3 R8e5 33. Rc3 Qe7 34.
Rab3 Kg7 35. Rb6 Rxe3 36. Rxe3 Rxe3 37. Qd2 f4 38. Kf2 Kh6 39. b3 Qe4 40. Qd1
Rd3 0-1

[Event "GBR-ch"]
[Site "Scarborough"]
[Date "2001.08.01"]
[Round "3"]
[White "Lane, Gary"]
[Black "Briggs, Philip"]
[Result "1/2-1/2"]
[WhiteElo "2456"]
[BlackElo "2200"]
[PlyCount "78"]
[EventDate "2001.07.30"]

1. e4 Nc6 2. Nf3 d6 3. d4 Nf6 4. Nc3 Bg4 5. Be3 e5 6. Bb5 Nd7 7. Ne2 Be7 8. c3
O-O 9. d5 Ncb8 10. Bd3 a5 11. O-O Na6 12. Ng3 Nac5 13. Bc2 a4 14. h3 Bxf3 15.
Qxf3 Bg5 16. b4 axb3 17. axb3 Bxe3 18. Qxe3 Qh4 19. b4 Na6 20. Bd3 g6 21. Bb5
Nb6 22. f4 Qh6 23. Qd3 exf4 24. Ne2 g5 25. Nd4 Qf6 26. Bxa6 Rxa6 27. Rxa6 bxa6
28. Qxa6 Qe5 29. Re1 Re8 30. Qd3 Nd7 31. Nf3 Qg7 32. Qb5 f5 33. exf5 Rxe1+ 34.
Nxe1 Qxc3 35. Nf3 Nf6 36. Qb8+ Kg7 37. Qd8 g4 38. Qe7+ Kg8 39. Qd8+ Kg7 1/2-1/2

[Event "GBR-ch"]
[Site "Scarborough"]
[Date "2001.08.01"]
[Round "3"]
[White "Ledger, Andrew"]
[Black "Moore, Gerald"]
[Result "0-1"]
[WhiteElo "2418"]
[BlackElo "2194"]
[PlyCount "110"]
[EventDate "2001.07.30"]

1. e4 d6 2. Nc3 Nf6 3. f4 g6 4. Nf3 Bg7 5. Be2 O-O 6. O-O c5 7. d3 Nc6 8. Qe1
Rb8 9. Qh4 b5 10. h3 b4 11. Nd1 Nd4 12. Nxd4 cxd4 13. Nf2 Ba6 14. g4 Qc7 15.
Bd1 Bb5 16. f5 Nd7 17. Bh6 f6 18. g5 Ne5 19. Bxg7 Kxg7 20. Ng4 Nxg4 21. Bxg4
fxg5 22. Qxg5 Rf6 23. Rf2 Qc5 24. h4 Rbf8 25. Rg2 h6 26. Qd2 Bd7 27. Bh5 Be8
28. a3 bxa3 29. Rxa3 Kh7 30. b4 Qc7 31. Bg4 e6 32. fxg6+ Bxg6 33. Ra1 Qf7 34.
Kh2 Rf4 35. Rag1 Qf6 36. Bh3 Qe5 37. Kh1 Rxh4 38. Rg3 Rf1 39. Qg2 Rxg1+ 40.
Kxg1 Bh5 41. Qf2 Rf4 42. Qd2 Rf6 43. Kg2 Rg6 44. Rxg6 Kxg6 45. Qf2 Qf6 46. Qg3+
Qg5 47. Bxe6 Qxg3+ 48. Kxg3 Kg5 49. Bb3 Bg4 50. c4 dxc3 51. d4 h5 52. e5 h4+
53. Kf2 dxe5 54. dxe5 Kf4 55. e6 Bxe6 0-1

[Event "GBR-ch"]
[Site "Scarborough"]
[Date "2001.08.01"]
[Round "3"]
[White "Frost, Nicholas"]
[Black "Ledger, Dave J"]
[Result "0-1"]
[WhiteElo "2141"]
[BlackElo "2312"]
[PlyCount "92"]
[EventDate "2001.07.30"]

1. e4 e5 2. Nf3 Nc6 3. d4 exd4 4. Nxd4 Nf6 5. Nxc6 bxc6 6. e5 Qe7 7. Qe2 Nd5 8.
c4 Nb6 9. Nd2 a5 10. g3 a4 11. Bg2 Ra5 12. O-O Ba6 13. Re1 Qe6 14. Qe3 Bxc4 15.
Qc3 Rb5 16. a3 Bd5 17. Bf1 Rc5 18. Qd4 Be7 19. Ne4 Bxe4 20. Qxe4 O-O 21. Bd2
Re8 22. Bd3 g6 23. f4 Rd5 24. Bc3 Bf8 25. Qf3 Bc5+ 26. Kg2 Bd4 27. Be4 Bxc3 28.
Bxd5 Qxd5 29. bxc3 Qxf3+ 30. Kxf3 Nc4 31. Rad1 Nb6 32. Re4 Ra8 33. c4 Kf8 34.
Rc1 Ra5 35. g4 Rc5 36. Ke3 d5 37. exd6 cxd6 38. Kd4 Nxc4 39. Rxc4 Rxc4+ 40.
Kxc4 d5+ 41. Kd4 dxe4 42. Kxe4 Ke7 43. Kd4 Kd6 44. Kc4 c5 45. Kb5 Kd5 46. Kxa4
c4 0-1

[Event "GBR-ch"]
[Site "Scarborough"]
[Date "2001.08.01"]
[Round "3"]
[White "Singh, Gurpreet"]
[Black "Conlon, Joe"]
[Result "1/2-1/2"]
[WhiteElo "2302"]
[BlackElo "2191"]
[PlyCount "148"]
[EventDate "2001.07.30"]

1. e4 d5 2. exd5 Nf6 3. d4 Bg4 4. Be2 Bxe2 5. Qxe2 Qxd5 6. Nf3 e6 7. c4 Bb4+ 8.
Nc3 Qe4 9. Be3 c5 10. O-O Bxc3 11. bxc3 O-O 12. Qb2 Nbd7 13. Rfe1 Qc6 14. Rac1
Rac8 15. Red1 b6 16. Qb3 Rfe8 17. h3 e5 18. dxe5 Nxe5 19. Nxe5 Rxe5 20. Rd3
Rce8 21. Rcd1 R5e6 22. Qb5 Qa8 23. a4 Ne4 24. Qd7 Nf6 25. Qb5 Ne4 26. Qa6 f5
27. Rd7 f4 28. Rxa7 Qc6 29. Rdd7 Rg6 30. Rac7 fxe3 31. Rxc6 e2 32. Rxg6 e1=Q+
33. Kh2 hxg6 34. Qxb6 Nxf2 35. Qxg6 Qe5+ 36. Qg3 Qxg3+ 37. Kxg3 Ne4+ 38. Kf3
Nxc3 39. Ra7 Re4 40. a5 Rxc4 41. a6 Ra4 42. Rc7 Rxa6 43. Rxc5 Na4 44. Rc7 Kh7
45. Rc4 Rf6+ 46. Kg3 Nb6 47. Rd4 Nc8 48. Rd2 Ne7 49. Ra2 Kh6 50. Rb2 Nf5+ 51.
Kh2 Nd4 52. Rd2 Ne6 53. Ra2 Kg5 54. Kg3 Kf5 55. Re2 Rg6+ 56. Kh2 Nc5 57. Rc2
Ne4 58. Rc7 Kf4 59. Ra7 Ke3 60. Re7 Kf4 61. Rf7+ Nf6 62. Ra7 Nd5 63. Ra4+ Ke5
64. Ra5 Ke4 65. Ra4+ Kd3 66. Ra7 Nf4 67. Ra3+ Ke4 68. Ra2 Rg5 69. Rb2 g6 70.
Ra2 Ke3 71. Rb2 Nd3 72. Ra2 Rd5 73. Kg3 Rd4 74. Ra6 Ne5 1/2-1/2

[Event "GBR-ch"]
[Site "Scarborough"]
[Date "2001.08.01"]
[Round "3"]
[White "Buckley, Simon"]
[Black "Blackburn, Jonathan LB"]
[Result "1/2-1/2"]
[WhiteElo "2268"]
[BlackElo "2115"]
[PlyCount "44"]
[EventDate "2001.07.30"]

1. e4 e6 2. d4 d5 3. Nc3 Bb4 4. e5 c5 5. a3 Ba5 6. b4 cxb4 7. Nb5 Nc6 8. axb4
Bxb4+ 9. c3 Be7 10. Ba3 Nh6 11. Bxe7 Qxe7 12. Nd6+ Kf8 13. Bb5 f6 14. Bxc6 bxc6
15. Qa4 Bd7 16. Qb4 Nf7 17. Qb7 Qd8 18. Nxf7 Kxf7 19. Rxa7 Rxa7 20. Qxa7 Re8
21. Nf3 Qa8 22. Qxa8 Rxa8 1/2-1/2

[Event "GBR-ch"]
[Site "Scarborough"]
[Date "2001.08.01"]
[Round "3"]
[White "Pert, Richard"]
[Black "Player, Edmund"]
[Result "1/2-1/2"]
[WhiteElo "2245"]
[BlackElo "2115"]
[PlyCount "27"]
[EventDate "2001.07.30"]

1. d4 d5 2. c4 dxc4 3. e3 Nf6 4. Nf3 Bg4 5. Bxc4 e6 6. Qb3 Bxf3 7. gxf3 Nbd7 8.
Qxb7 c5 9. Qb3 cxd4 10. exd4 Rb8 11. Qd3 Bb4+ 12. Nc3 Qc7 13. Be3 O-O 14. Rc1
1/2-1/2

[Event "GBR-ch"]
[Site "Scarborough"]
[Date "2001.08.01"]
[Round "3"]
[White "Burnett, Jim"]
[Black "Simons, Martin J"]
[Result "0-1"]
[WhiteElo "2209"]
[BlackElo "2215"]
[PlyCount "58"]
[EventDate "2001.07.30"]

1. d4 d6 2. Nf3 Bg4 3. e3 Nf6 4. c4 Nbd7 5. Nc3 e5 6. Be2 Be7 7. O-O O-O 8. b3
Re8 9. e4 c6 10. Be3 a6 11. Qc2 Qc7 12. Rac1 Rac8 13. Rfd1 b5 14. cxb5 cxb5 15.
Qb1 Qb7 16. d5 Bd8 17. h3 Bh5 18. b4 Bb6 19. Qd3 Rc7 20. Nh4 Bg6 21. Nxg6 hxg6
22. a3 Rec8 23. Kf1 Bxe3 24. Qxe3 Qb6 25. Qd2 Qd4 26. Qe1 Qa7 27. Bd3 Nb6 28.
Bxb5 axb5 29. Nxb5 Qa6 0-1

[Event "GBR-ch"]
[Site "Scarborough"]
[Date "2001.08.01"]
[Round "3"]
[White "Rudd, Jack"]
[Black "Hunt, Adam"]
[Result "1-0"]
[WhiteElo "2193"]
[BlackElo "2408"]
[PlyCount "51"]
[EventDate "2001.07.30"]

1. e4 c5 2. Nf3 d6 3. Nc3 Nf6 4. e5 dxe5 5. Nxe5 a6 6. g3 Qc7 7. d4 e6 8. Bf4
Bd6 9. Bg2 O-O 10. O-O Rd8 11. dxc5 Qxc5 12. Qe2 Be7 13. Rad1 Nbd7 14. Nc4 Nb6
15. Nxb6 Qxb6 16. Na4 Qa5 17. b3 Nd7 18. Qd2 Bb4 19. Qe3 Be7 20. Bd6 Kf8 21.
Rd5 b5 22. Bxe7+ Kxe7 23. Rfd1 Qc7 24. Nb6 Ra7 25. Rxd7+ Rxd7 26. Rxd7+ 1-0

[Event "GBR-ch"]
[Site "Scarborough"]
[Date "2001.08.01"]
[Round "3"]
[White "Crouch, Colin"]
[Black "Waters, Clive L"]
[Result "1-0"]
[WhiteElo "2407"]
[BlackElo "2147"]
[PlyCount "119"]
[EventDate "2001.07.30"]

1. d4 d5 2. Nf3 c6 3. c4 Nf6 4. Nc3 a6 5. e3 g6 6. Bd3 Bg7 7. O-O O-O 8. h3 b5
9. b3 Nbd7 10. cxd5 Nxd5 11. Nxd5 cxd5 12. Ba3 Rb8 13. Qd2 Re8 14. Rac1 a5 15.
b4 a4 16. Qe2 Qb6 17. Rc2 Ba6 18. Rfc1 Nf8 19. Rc6 Qa7 20. R6c5 Ne6 21. Rxd5
Qb7 22. Rdc5 Nxc5 23. bxc5 Qc6 24. e4 e6 25. Bb4 Red8 26. e5 Rd5 27. Be4 Bb7
28. Bxd5 exd5 29. Re1 Re8 30. Nh2 Bc8 31. Ng4 g5 32. Qf3 f6 33. exf6 Rxe1+ 34.
Bxe1 Bxg4 35. f7+ Kf8 36. Qxg4 Kxf7 37. Qf5+ Ke8 38. Qxg5 Bxd4 39. Qg8+ Ke7 40.
Qxh7+ Ke8 41. Qh5+ Ke7 42. Qe2+ Kf7 43. Bb4 Qh6 44. Qf3+ Ke8 45. Kh2 Qc6 46.
Qe2+ Kf7 47. g3 Qf6 48. Kg2 Qc6 49. Qh5+ Kf8 50. Qf5+ Ke8 51. Qc2 Bg7 52. Qe2+
Kf7 53. Qf3+ Kg8 54. h4 Qe6 55. a3 Qc6 56. Qf5 Kh8 57. f3 Bd4 58. Qh5+ Kg8 59.
Qg4+ Bg7 60. Bc3 1-0

[Event "GBR-ch"]
[Site "Scarborough"]
[Date "2001.08.01"]
[Round "3"]
[White "Anderson, John"]
[Black "Tan, Desmond"]
[Result "1/2-1/2"]
[WhiteElo "2161"]
[BlackElo "2253"]
[PlyCount "64"]
[EventDate "2001.07.30"]

1. e4 c5 2. Nf3 d6 3. d4 cxd4 4. Nxd4 Nf6 5. Nc3 g6 6. Be3 Bg7 7. f3 O-O 8. Qd2
Nc6 9. Bc4 Bd7 10. O-O-O Qa5 11. Bb3 Rfc8 12. h4 Ne5 13. g4 b5 14. h5 Nc4 15.
Bxc4 bxc4 16. Bh6 Bh8 17. Nf5 Re8 18. Qg5 Qe5 19. Qh4 Rab8 20. hxg6 fxg6 21.
Be3 Bxf5 22. gxf5 Nh5 23. fxg6 hxg6 24. Bd4 Bf6 25. Bxe5 Bxh4 26. Rxh4 dxe5 27.
Rd5 Rf8 28. Rxe5 Rxf3 29. Nd5 Rf1+ 30. Kd2 Rxb2 31. Nxe7+ Kf7 32. Nxg6 Kxg6
1/2-1/2

[Event "GBR-ch"]
[Site "Scarborough"]
[Date "2001.08.01"]
[Round "3"]
[White "Buckley, Melanie"]
[Black "Stephenson, Norman"]
[Result "1/2-1/2"]
[WhiteElo "2118"]
[BlackElo "2246"]
[PlyCount "35"]
[EventDate "2001.07.30"]

1. e4 e5 2. Bc4 Nf6 3. d3 Nc6 4. Nf3 Be7 5. O-O O-O 6. Re1 d6 7. a4 Bg4 8. c3
d5 9. exd5 Nxd5 10. h3 Bh5 11. a5 Rb8 12. Nbd2 Nf4 13. Nf1 Bd6 14. Ng3 Bg6 15.
Ne4 Bh5 16. Ng3 Bg6 17. Ne4 Bh5 18. Ng3 1/2-1/2

[Event "GBR-ch"]
[Site "Scarborough"]
[Date "2001.08.01"]
[Round "3"]
[White "Jackson, Adrian"]
[Black "Buckley, David E"]
[Result "1/2-1/2"]
[WhiteElo "2230"]
[BlackElo "2172"]
[PlyCount "62"]
[EventDate "2001.07.30"]

1. e4 Nf6 2. e5 Nd5 3. d4 d6 4. Nf3 dxe5 5. Nxe5 g6 6. Bc4 c6 7. Nc3 Bg7 8. O-O
O-O 9. Ne4 Bf5 10. Ng3 Be6 11. Qe2 Nd7 12. Bb3 a5 13. a3 Nc7 14. c4 a4 15. Ba2
Nxe5 16. dxe5 Qd4 17. Re1 b5 18. Bg5 f6 19. Be3 Qd8 20. Red1 Qb8 21. Ne4 fxe5
22. Nc5 Kh8 23. Nxe6 Nxe6 24. cxb5 Nf4 25. Qc4 cxb5 26. Qe4 Qc8 27. f3 Ra6 28.
g3 Ne2+ 29. Kg2 Nd4 30. Rac1 Qf5 31. Qxf5 Rxf5 1/2-1/2

[Event "GBR-ch"]
[Site "Scarborough"]
[Date "2001.08.01"]
[Round "3"]
[White "Addison, Bret C"]
[Black "Steadman, Michael"]
[Result "1-0"]
[WhiteElo "2218"]
[BlackElo "2090"]
[PlyCount "67"]
[EventDate "2001.07.30"]

1. d4 d5 2. c4 dxc4 3. Nf3 a6 4. e3 Bg4 5. Bxc4 e6 6. h3 Bh5 7. Nc3 Nf6 8. a4
Nc6 9. Be2 Bb4 10. O-O O-O 11. Na2 Bd6 12. b3 Qe7 13. Bb2 Rad8 14. Nc1 Bg6 15.
Nd3 Ne4 16. Rc1 h6 17. Rxc6 bxc6 18. Nde5 Ba3 19. Nxg6 fxg6 20. Bxa3 Qxa3 21.
Qc2 Nd6 22. Ne5 c5 23. Nxg6 Rf6 24. Ne7+ Kf8 25. Nc6 Re8 26. dxc5 Nb7 27. Bh5
Qxc5 28. Qxc5+ Nxc5 29. Bxe8 Kxe8 30. Rb1 Kd7 31. Ne5+ Kd6 32. f4 Rf8 33. Rd1+
Ke7 34. Ng6+ 1-0